000
00266nam a22001097a 4500
040
_c
CL
100
_a
Muhammad Ramzan Gohar
_9
127817
245
_a
Iqbal aur Nafsiyat Barhaman
260
_a
Lahore
_b
Maktaba Gohar Publisher
_c
2014
300
_a
416p.
942
_2
ddc
_c
BK
999
_c
612852
_d
612852